[Event "Khanty-Mansiysk Governor Cup 18th"]
[Site "Khanty-Mansiysk"]
[Date "2022.11.18"]
[Round "2"]
[White "Rozum, Ivan"]
[Black "Bochkovskiy, Mikhail Kon"]
[Result "1-0"]
[WhiteElo "2499"]
[BlackElo "1074"]
[PlyCount "79"]
[EventDate "2022.11.17"]
[EventType "swiss"]
[EventRounds "9"]
[EventCountry "RUS"]
[SourceTitle "CBM 211 Extra"]
[Source "ChessBase"]
[SourceDate "2023.01.31"]
[SourceVersion "1"]
[SourceVersionDate "2023.01.31"]
[SourceQuality "1"]

1. c4 e6 2. Nc3 d5 3. d4 Nf6 4. cxd5 exd5 5. Bg5 Be7 6. e3 0-0 7. Bd3 c6 8. Qc2 Nbd7 9. Nf3 h6 10. Bh4 Nh5 11. Bxe7 Qxe7 12. 0-0 Nhf6 13. Rab1 Nb6 14. b4 a6 15. a4 Be6 16. Rfc1 Nbd7 17. h3 Rfc8 18. Re1 Nb8 19. Nd2 b5 20. f4 Bd7 21. Nf3 Be8 22. g4 Nfd7 23. Nxd5 Qd8 24. Nc3 Nb6 25. a5 Nd5 26. Ne4 Nd7 27. Qd2 Qe7 28. Ng3 Qd6 29. Bc2 g5 30. Nf5 Qf6 31. fxg5 hxg5 32. e4 Nf4 33. e5 Qd8 34. h4 Nd5 35. Nxg5 Nf8 36. Ne4 Bd7 37. Qh6 Bxf5 38. gxf5 Rc7 39. f6 Ne6 40. Nd6 1-0